WWE SummerSlam 2018 Match Card - Statistics

General Stats
  • This quiz has been taken 21 times
  • The average score is 23 of 33
Answer Stats
Match type Wrestler % Correct
Singles Roman Reigns
100%
Singles Seth Rollins
100%
Triple threat Becky Lynch
95%
Singles Brock Lesnar
95%
Singles "The Demon" Finn Bálor
95%
Singles The Miz
90%
Singles AJ Styles
85%
Tag team Big E
85%
Triple threat Carmella
85%
Triple threat Charlotte Flair
85%
Tag team Xavier Woods
85%
Singles Alexa Bliss
80%
Singles Baron Corbin
80%
Singles Dolph Ziggler
80%
Singles Samoa Joe
80%
Singles Braun Strowman
75%
Singles Kevin Owens
75%
Singles Shinsuke Nakamura
75%
Mixed tag team Lana
70%
Singles Ronda Rousey
70%
Mixed tag team Rusev
70%
Singles Jeff Hardy
60%
Singles Daniel Bryan
55%
Tag team Harper
55%
Tag team Rowan
55%
Tag team Dash Wilder
50%
Tag team Scott Dawson
50%
Mixed tag team Andrade "Cien" Almas
45%
Singles Cedric Alexander
45%
Tag team Bo Dallas
40%
Tag team Curtis Axel
40%
Mixed tag team Zelina Vega
40%
Singles Drew Gulak
35%
No matching quizzes found
Score Distribution
Percent of People with Each Score
Percentile by Number Answered
Your Score History
You have not taken this quiz